| 000 | 00420nam a22001817a 4500 | ||
|---|---|---|---|
| 003 | CEME | ||
| 005 | 20210628202527.0 | ||
| 008 | 210316b xxu||||| |||| 00| 0 eng d | ||
| 020 | _a0-538-82648-7 | ||
| 040 | _c. | ||
| 082 | _a658.8 JAI'M | ||
| 100 |
_aJain, S.C _960347 |
||
| 245 | _aMarketing planning & strategy | ||
| 250 | _a4TH | ||
| 260 |
_aOHIO _bSOUTH - WESTERN _c1993 |
||
| 300 | _a871P | ||
| 942 |
_cBK _2ddc |
||
| 999 |
_c570093 _d570093 |
||